| 000 | 02592cim a2200493Ka 4500 | ||
|---|---|---|---|
| 001 | 933286948 | ||
| 003 | OCoLC | ||
| 005 | 20210719132507.0 | ||
| 007 | sd fungnn|||uu | ||
| 008 | 151002s2016 mdunnnn f n eng d | ||
| 020 | _a9781101889589 | ||
| 028 | 0 | 2 |
_aPRHA 4925 _bPenguin Random House Audio |
| 035 |
_a(OCoLC)933286948 _z(OCoLC)914216786 |
||
| 040 |
_aTRACS _beng _cTRACS _dBTCTA _dBDX _dTEFBT _dOCLCO _dTEFBT _dOCLCO _dOCLCF _dOCLCO _dTEFBT _dOCLCO _erda |
||
| 043 | _ae-gx--- | ||
| 050 | 4 |
_aPS3611.E4596 _bL55 2016ab |
|
| 082 | 0 | 4 |
_a813/.6 _223 |
| 092 |
_aadult audiobook _bKelly |
||
| 100 | 1 |
_aKelly, Martha Hall. _95773714 |
|
| 245 | 1 | 0 |
_aLilac girls _h[sound recording] : _ba novel / _cMartha Hall Kelly. |
| 250 | _aUnabridged. | ||
| 264 | 1 |
_a[Westminster, MD] : _bBooks on Tape, _c[2016] |
|
| 300 |
_a14 sound discs (17 hr., 30 min.) : _bdigital ; _c4 3/4 in. |
||
| 306 | _a173000. | ||
| 336 | _aspoken word | ||
| 337 | _aaudio | ||
| 338 | _aaudio disc | ||
| 500 | _aTitle from web page. | ||
| 500 | _aCompact discs. | ||
| 511 | 0 | _aRead by Cassandra Campbell, Kathleen Gati, Kathrin Kana. | |
| 520 | _aAn arresting, powerful debut novel inspired by the life of debutante turned unlikely WWII hero Caroline Ferriday. Kasia Kuzmerick, a Polish Catholic teenager, is nervously anticipating the changes that are sure to come since Germany has declared war on Poland. As tensions rise abroad - and in her personal life - Caroline's interest in aiding the war effort grows and she eventually comes to hear about the dire situation at the Ravensbruck all-female concentration camp. Through Ravensbruck the two women's lives will converge in unprecedented ways and a novel of redemption and hope emerges that is breathtaking in scope and depth. From New York to Paris, and Furstenberg to Lublin, Martha Hall Kelly captures the powerful pull of human compassion, strong enough to stretch across continents and capable of triumphing over the grim evils of war. | ||
| 650 | 0 |
_aWorld War, 1939-1945 _xUnderground movements _vFiction. _95716645 |
|
| 650 | 0 |
_aConcentration camps _zGermany _zRavensbrück _vFiction. _96410364 |
|
| 650 | 0 |
_aWomen prisoners _vFiction. _95704338 |
|
| 655 | 7 |
_aAudiobooks. _2lcgft |
|
| 655 | 7 |
_aHistorical fiction. _2lcgft |
|
| 655 | 7 |
_aAudiobooks. _2fast _96422768 |
|
| 655 | 7 |
_aSound recordings. _2lcgft _95734576 |
|
| 700 | 1 |
_aCampbell, Cassandra. _971281 |
|
| 700 | 1 |
_aGati, Kathleen, _d1957- _96410366 |
|
| 700 | 1 |
_aKana, Kathrin. _96410367 |
|
| 907 | _a.b443291822 | ||
| 942 |
_2ddc _cAUDIOBOOK |
||
| 999 |
_c206207 _d206207 |
||